000
00202 a2200097 4500
001
19939
100
_a
Ballance E O
245
_a
Third Arab-Israeli War
260
_a
_b
Faber
_c
090
_c
14548
_d
14548
942
_a
NUST-CAE
_c
M
_c
5056
999
_c
255012
_d
255012